| 000 | 02596cam a22004213a 4500 | ||
|---|---|---|---|
| 001 | 18888 | ||
| 003 | BD-RjUL | ||
| 005 | 20211209000342.0 | ||
| 008 | 140222s1957 xx 000 0deng | ||
| 035 | _a(BD-RjUL)18946 | ||
| 040 |
_aDLC _cDLC _beng _dBD-RjUL |
||
| 041 | _aeng | ||
| 082 |
_a822.33 _bTRO |
||
| 245 | 0 | 0 | _aTroilus and Cressida / |
| 246 | 1 | 4 | _aPlays of Shakespeare |
| 260 | _c1957. | ||
| 300 | _a1 v. (theater program). | ||
| 500 | _aNational Theatre, week beginning Monday, January 28, 1957. | ||
| 500 | _aTitle devised by Library staff. | ||
| 500 | _aCast: Keith Taylor, Jack Gwillim, Jeremy Brett, Ronald Allen, Timothy Parkes, Bryan Pringle, Denis Holmes, James Villiers, Paul Rogers, Aubrey Morris, John Greenwood, Coral Browne, Jennifer Wilson, Margaret Courtenay, Rosemary Harris, Rupert Davies, Edward Harvey, Richard Wordsworth, Job Stewart, Ernest Hare, Charles Gray, Derek New, Donald Homer, John Neville, John Woodvine, Peter Needham, Peter Bowles, Graeme Campbell, John Flint, Fraser Kerr, Tom Kneebone, Daniel Moynihan, Alan Penn, Charles West. | ||
| 500 |
_aLC copy shelved under: Richard II. _5DLC |
||
| 520 | _aNational Theatre, Louis A. Lotito, managing director, Old Vic Trust Ltd. and the Arts Council of Great Britain present under the management of S. Hurok, The Old Vic Company, director Michael Benthall, administrative director Alfred Francis with Paul Rogers, Claire Bloom, John Neville, Coral Browne, Rosemary Harris, Richard Wordsworth, Jack Gwillim, Ernest Hare, Wynne Clark in The plays of Shakespeare: "Troilus and Cressida," by William Shakespeare, directed by Tyrone Guthrie, costumes and decor by Frederick Crooke, music composed by Frederick Marshall, fights arranged by Bernard Hepton and John Greenwood, orchestra under the direction of Arthur Lief. | ||
| 580 | _aIn: Richard L. Coe Theater Programs Collection (Library of Congress). | ||
| 650 |
_aDrama _958250 |
||
| 655 | 7 |
_aTheater programs _zWashington (D.C.) _2rbgenr _915713 |
|
| 655 | 7 |
_aTheater programs _2rbgenr _958265 |
|
| 700 | 1 |
_aGuthrie, Tyrone, _cSir, _d1900-1971. _958252 |
|
| 700 | 1 |
_aCrooke, Frederick. _958253 |
|
| 700 | 1 |
_aMarshall, Frederick. _958254 |
|
| 700 | 1 |
_aLief, Arthur. _958255 |
|
| 700 | 1 |
_aShakespeare, William, _d1564-1616. _tTroilus and Cressida. _958256 |
|
| 710 | 2 |
_aNational Theatre Corporation (Washington, D.C.) _953841 |
|
| 710 | 2 |
_aOld Vic Company. _958257 |
|
| 710 | 2 |
_aRichard L. Coe Theater Programs Collection (Library of Congress) _5DLC _915716 |
|
| 942 |
_2ddc _cBK |
||
| 999 |
_c18888 _d18888 |
||